Ciencia de la legislación.
Guardat en:
| Autor principal: | |
|---|---|
| Altres autors: | |
| Format: | Llibre |
| Idioma: | espanyol |
| Publicat: |
Burdeos, Francia:
Imprenta de Don Pedro Beaume,
1823.
|
| Edició: | Segunda edición, revista y corregida. |
| Matèries: | |
| Etiquetes: |
Afegir etiqueta
Sense etiquetes, Sigues el primer a etiquetar aquest registre!
|
MARC
| LEADER | 00000nam a2200000 a 4500 | ||
|---|---|---|---|
| 001 | UCR2884 | ||
| 003 | CL-VaPUC | ||
| 005 | 20220115074026.0 | ||
| 008 | 980116e18230000fr |||||||||||||||||spa|d | ||
| 999 | |c 266005 |d 266003 | ||
| 040 | |c Pontificia Universidad Católica de Valparaíso | ||
| 082 | 0 | 4 | |a 340.1 FIL 1823 |2 21 |
| 100 | 0 | |a Filangieri, Cayetano |e autor |9 401363 | |
| 245 | 1 | 0 | |a Ciencia de la legislación. |
| 250 | |a Segunda edición, revista y corregida. | ||
| 260 | |a Burdeos, Francia: |b Imprenta de Don Pedro Beaume, |c 1823. | ||
| 300 | |a 6 Tomos. | ||
| 500 | |a c.3 Tomo I: Donación Familia Prof. Alejandro Guzmán Brito. c.2 Tomo II: Donación Familia Prof. Alejandro Guzmán Brito. c.2 Tomo VI: Donación Familia Prof. Alejandro Guzmán Brito. | ||
| 505 | |a t.II: Libro II. De las políticas y Económicas. t.VI: Continuación del Libro IV y de la segunda parte. | ||
| 583 | |a last modification |c 20161102 05:08:47 |k Rodrigo Vera | ||
| 650 | 0 | |a Dogmática jurídica |9 337910 | |
| 650 | 0 | |a Códigos |9 352314 | |
| 650 | 7 | |a DERECHO PENAL |2 CL-VaPUC |9 11 | |
| 700 | |a Ribera, Juan |e traducción |9 865415 | ||
| 942 | |c BK |2 ddc | ||
| 945 | |d 19980116 00:00:00 |a crobeson | ||
| 952 | |0 0 |1 0 |4 0 |6 340_100000000000000_FIL_1823 |7 0 |8 DER_HIS |9 297281 |a BIBDER |b BIBDER |d 2019-11-20 |h v.1 |i 1924540 |o 340.1 FIL 1823 |p 1924540 |r 2023-01-25 |w 2019-11-20 |x Ubicación 4to Piso |y BK_X |z Estos recursos deben solicitarse con anticipación |k DER | ||
| 952 | |0 0 |1 0 |4 0 |6 340_100000000000000_FIL_1823 |7 0 |8 DER_HIS |9 297282 |a BIBDER |b BIBDER |d 2019-11-20 |h v.2 |i 1924273 |o 340.1 FIL 1823 |p 1924273 |r 2023-01-25 |w 2019-11-20 |x Ubicación 4to Piso |y BK_X |z Estos recursos deben solicitarse con anticipación |k DER | ||
| 952 | |0 0 |1 0 |4 0 |6 340_100000000000000_FIL_1823 |7 0 |8 DER_HIS |9 297283 |a BIBDER |b BIBDER |d 2019-11-20 |h v.3 |i 1924265 |o 340.1 FIL 1823 |p 1924265 |r 2023-01-25 |w 2019-11-20 |x Ubicación 4to Piso |y BK_X |z Estos recursos deben solicitarse con anticipación |k DER | ||
| 952 | |0 0 |1 0 |4 0 |6 340_100000000000000_FIL_1823 |7 0 |8 DER_HIS |9 297284 |a BIBDER |b BIBDER |d 2019-11-20 |h v.4 |i 1924257 |o 340.1 FIL 1823 |p 1924257 |r 2023-01-25 |w 2019-11-20 |x Ubicación 4to Piso |y BK_X |z Estos recursos deben solicitarse con anticipación |k DER | ||
| 952 | |0 0 |1 0 |4 0 |6 340_100000000000000_FIL_1823 |7 0 |8 DER_HIS |9 297285 |a BIBDER |b BIBDER |d 2019-11-20 |h v.5 |i 192429K |o 340.1 FIL 1823 |p 192429K |r 2023-01-25 |w 2019-11-20 |x Ubicación 4to Piso |y BK_X |z Estos recursos deben solicitarse con anticipación |k DER | ||
| 952 | |0 0 |1 0 |4 0 |6 340_100000000000000_FIL_1823 |7 0 |8 DER_HIS |9 297286 |a BIBDER |b BIBDER |d 2019-11-20 |h v.6 |i 1924281 |o 340.1 FIL 1823 |p 1924281 |r 2023-01-25 |w 2019-11-20 |x Ubicación 4to Piso |y BK_X |z Estos recursos deben solicitarse con anticipación |k DER | ||
| 952 | |0 0 |1 0 |4 0 |6 340_100000000000000_FIL_1823 |7 0 |8 X |9 297287 |a BIBDER |b BIBDER |d 2019-11-20 |h v.1 |i 1955268 |o 340.1 FIL 1823 |p 1955268 |r 2023-01-25 |w 2019-11-20 |y BK_X |k DER | ||
| 952 | |0 0 |1 0 |4 0 |6 340_100000000000000_FIL_1823 |7 0 |8 X |9 297288 |a BIBDER |b BIBDER |d 2019-11-20 |h v.5 |i 1955314 |o 340.1 FIL 1823 |p 1955314 |r 2023-01-25 |w 2019-11-20 |y BK_X |k DER | ||
| 952 | |0 0 |1 0 |4 0 |6 340_100000000000000_FIL_1823 |7 0 |8 X |9 297289 |a BIBDER |b BIBDER |d 2019-11-20 |h v.3 |i 1955365 |o 340.1 FIL 1823 |p 1955365 |r 2023-01-25 |w 2019-11-20 |y BK_X |k DER | ||